1797 1799 1804 1387 1566 1059 1774 1024 1960 1492 1203 1854 1029 1095 1161 1606 1429 1784 1891 1190 1012 1068 1201 1527 1969 1717 1896 1833 1694 1152 1621 1814 1162 1282 1768 1510 1722 1566 1673 1084 1112 1813 1371 1934 1574 1921 1844 1244 1331 1058 1998 1880 1148 1643 1538 1461 1528 1658 1921 1966 1678 1689 1621 1526 1459 1051 1153 1177 1376 1121 1548 1565 1858 1976 1815 1272 1827 1013 1895 1399 1124 1812 1382 1580 1810 1673 1285 1434 1461 1921 1350 1768 1154 1625 1321 1404 1476 1724 1205 BCNSPRNW ULIB Ver.6.0+V

เปลี่ยนเป็นภาษาไทย

Change to English
 แสดงรายละเอียดบรรณานุกรม
  กลับหน้าหลัก

Brief Record : Get Marc (ISO 2709) : E-mail record : QR code < ปิดหน้าต่าง
LEADER : 00000nam 2200000uu 4500
001    13399128168
003     ULIB
008    220802s2564||||th 000 0 tha d
020    ^a9786160042715
050    ^aนว.^bห513ด
100  0 ^aหัสวีร์
245  1 ^aดุจเล่ห์ดาวลวง /^cหัสวีร์
250    ^aพิมพ์ครั้งที่ 1
260    ^aกรุงเทพฯ :^bพิมพ์คำ,^c2564
300    ^a404 หน้า
650    ^aนวนิยายไทย
945    ^p280^l0^i009257
999    ^aประนอม เกษจรัล
รายการนี้ยังไม่มีแท็ก
คุณยังไม่ได้ล็อกอิน คุณสามารถมีกิจกรรมร่วมกับเว็บไซต์ได้ แต่ต้องล็อกอินก่อน ::
  ล็อกอิน

รายการสื่อสารสนเทศ

ลำดับที่ ประเภท เลขเรียก/บาร์โค้ด สถานที่ สถานะ
1. นวนิยาย
นวนิยาย
นว. ห513ด ฉ.1 
  Barcode: 009257
ห้องสมุดวิทยาเขตนครสวรรค์
►นวนิยาย:l:Fiction
บนชั้น

รายการใกล้เคียง
    ผู้แต่ง [หัสวีร์]

    หัวเรื่อง [นวนิยายไทย]

BibComment


ยังไม่เคยถูกคอมเมนท์

คอมเมนท์ทรัพยากรรายการนี้
  คอมเมนท์: ดุจเล่ห์ดาวลวง ..


 Copyright 2026. Bcnsprnw @Library